Responses for Show #5987 - Tuesday, September 28, 2010

Kara Spak game 4.

Contestants

[<< previous game]

Phyllis Grayson, a retired CPA from Huntersville, North Carolina

David Zack, a web developer originally from Fairfield, Connecticut

Kara Spak, a newspaper reporter from Chicago, Illinois (whose 3-day cash winnings total $52,802)

[next game >>]

Jeopardy! Round responses

SHOWTIME AT THE ACROPOLIS
BOY SCOUT ACTIVITIES
NURSERY RHYME PEOPLE
INTERIOR DESIGN
EASY ON THE EYES
I LOVE YOU, "MIN"
    $200 22
Athens

Kara
    $200 15
a personal flotation device

David
    $200 4
Little Bo Peep

David
    $200 14
a leaf

David
    $200 2
Charlie's Angels

Kara
    $200 1
(David: What is a vermin?)

an ermine

David
Triple Stumper
    $400 23
the Parthenon

Kara
    $400 16
"Taps"

David
    $400 5
(Kara: What is a shoe?)

a pumpkin shell

KaraPhyllis
    $400 28
a wardrobe

Kara
    $400 3
Who Framed Roger Rabbit

David
    $400 9
Famine

Kara
    $600 24
Poseidon

Kara
    $600 17
the buddy system

Kara
    $600 6
Old Mother Hubbard

Phyllis
    $600 11
(Kara: Who is Kim Basinger?)

Michelle Pfeiffer

KaraDavid
    $600 10
to determine

Triple Stumper
    $800 25
Bacchus

Kara
    $800 18
teepee

David
    $800 7
Mrs. Jack Sprat

Kara
    $800 12
Halle Berry

Kara
    $800 20
domineering

David
    $1000 26
austerity measures

Triple Stumper
    $2,600 19
rappelling

David
    $1000 8
Polly Flinders

Triple Stumper
    $1000 27
plaster

Triple Stumper
    $1000 13
Alias

Phyllis
    $1000 21
(Phyllis: What is luminescence?)
(Alex: More specific.)

bioluminescence

Phyllis
Triple Stumper

Scores at the first commercial break (after clue 15):

Kara David Phyllis
$1,200 $1,400 $2,000

Scores at the end of the Jeopardy! Round:

Kara David Phyllis
$4,200 $6,000 $1,000

Double Jeopardy! Round responses

MAN ABOUT THE HOUSE
LYRICS OF THE ARTIST
BLOGS & BLOGGERS
ASIAN CAPITALS
CELEBRITIES' FAVORITE BOOKS
THE SAME VOWEL, EVERY OTHER LETTER
    $400 18
Marion

Kara
    $400 2
Lady Gaga

Kara
    $400 11
green

Kara
    $400 1
Hanoi

Kara
    $400 7
9/11

Kara
    $400 13
bikini

Kara
    $800 19
Delaware

Phyllis
    $800 3
Eminem

Kara
    $800 14
(Scott) Adams

David
    $800 21
Sri Lanka

Kara
    $800 8
Kurt Vonnegut

Kara
    $800 24
a jeweler

Triple Stumper
    $1,200 20
(Phyllis: I have no idea.)

Jesse Jackson Jr.

Phyllis
    $1200 4
the Beastie Boys

Kara
    $1200 15
Agriculture

Kara
    $1200 28
Brunei

David
    $1200 9
(Richard) Scarry

David
    $1,000 25
cumulus

Kara
    $1600 22
Oregon

Kara
    $1600 5
(David: Is it Dr. Dre?)

KISS

David
Triple Stumper
    $1600 16
Gawker

David
    $1600 29
[The end-of-round signal sounds.]

East Timor

Phyllis
    $1600 10
J.D. Salinger

Triple Stumper
    $1600 26
serene

Phyllis
    $2000 23
Ways and Means

Triple Stumper
    $2000 6
Queen

Kara
    $2000 17
fashion

Kara
    $2000 12
East of Eden

Phyllis
    $2000 27
the bonobo

Triple Stumper

Scores at the end of the Double Jeopardy! Round:

Kara David Phyllis
$18,000 $9,200 $5,800

[wagering suggestions for these scores]

Final Jeopardy! Round responses

BIBLICAL BEASTS
(Alex: Balaam's ass is the other speaker in the Old Testament.)
PhyllisWhat is 4
$3,500
DavidWhat is 8
$9,001
KaraWhat is zero?
$401
4

Final scores:

Kara David Phyllis
$17,599 $199 $9,300
4-day champion: $70,401 3rd place: $1,000 2nd place: $2,000

Game dynamics:

Coryat scores:

Kara David Phyllis
$18,200 $7,600 $7,000
25 R
(including 1 DD),
2 W
13 R
(including 1 DD),
2 W
7 R,
2 W
(including 1 DD)

Combined Coryat: $32,800

[game clues] [game scores] [suggest correction]

Game tape date: 2010-08-03
The J! Archive is created by fans, for fans. Scraping, republication, monetization, and malicious use prohibited; this site may use cookies and collect identifying information. See terms. The Jeopardy! game show and all elements thereof, including but not limited to copyright and trademark thereto, are the property of Jeopardy Productions, Inc. and are protected under law. This website is not affiliated with, sponsored by, or operated by Jeopardy Productions, Inc. Join the discussion at JBoard.tv.